000 00628nam a2200217Ia 4500
008 160517s9999 xx 000 0 und d
050 _aTS 58.6
050 _b.P843 2016
100 _aPortelo, Marvie B.
245 _aComputerized inventory and point of sales system of lesinc and laboratory equipment /
245 _cMarvie B. Portelo.
260 _aLas PiƱas, Philippines :
260 _bSISC,
260 _c2016.
300 _a88 pages :
300 _billustrations ;
300 _c28 cm.
500 _aIncludes bibliographical references and appendices.
521 _aInformation Technology
942 _cTH
999 _c293930
_d293930